DESIGN IDEAS DEC.1994 VOL.III NO.9 (Record no. 861663)

MARC details
000 -LEADER
fixed length control field 00266nam a2200109Ia 4500
008 - FIXED-LENGTH DATA ELEMENTS--GENERAL INFORMATION
fixed length control field 230822s2007 xx 000 0 und d
041 ## - LANGUAGE CODE
Language code of text/sound track or separate title eng
100 ## - MAIN ENTRY--PERSONAL NAME
Personal name LEHRI M.S.
245 ## - TITLE STATEMENT
Title DESIGN IDEAS DEC.1994 VOL.III NO.9
260 ## - PUBLICATION, DISTRIBUTION, ETC.
Name of publisher, distributor, etc. LEA AND FEBIGER
Date of publication, distribution, etc. 2007
300 ## - PHYSICAL DESCRIPTION
Extent 406

No items available.